[Event "CRI-ch (Women)"]
[Site "San Jose"]
[Date "2024.02.17"]
[Round "7"]
[White "Villarreal Chavarria, Amy Samantha"]
[Black "Araya Garita, Amanda"]
[Result "1-0"]
[WhiteElo "1428"]
[BlackElo "1400"]
[PlyCount "53"]
[EventDate "2024.02.03"]
[EventType "swiss"]
[EventRounds "9"]
[EventCountry "CRI"]
[SourceTitle "CB08_2024"]
[SourceDate "2024.02.21"]
[SourceVersion "1"]
[SourceVersionDate "2024.02.21"]
[SourceQuality "1"]

1. e4 Nf6 2. e5 Ne4 3. Nf3 Nxf2 4. Kxf2 d5 5. exd6 exd6 6. Qe1+ Be7 7. Ng5 Bd7 8. Nxf7 Qc8 9. Nxh8 Be6 10. Kg1 Nc6 11. Nc3 Qd7 12. Bb5 0-0-0 13. Qf2 Rf8 14. Bxc6 Qxc6 15. Qxa7 Kd7 16. h4 Bf6 17. b3 Bxc3 18. dxc3 Qxc3 19. Qa4+ c6 20. Bb2 Qxb2 21. Kh2 Qxc2 22. Rad1 Rf2 23. Rhg1 b5 24. Qa7+ Kd8 25. Rxd6+ Ke8 26. Qb8+ Ke7 27. Qd8# 1-0

[Event "CRI-ch (Women)"]
[Site "San Jose"]
[Date "2024.02.10"]
[Round "4"]
[White "Diaz Charpentier, Ashly Valeri"]
[Black "Villarreal Chavarria, Amy Samantha"]
[Result "1-0"]
[WhiteElo "1291"]
[BlackElo "1428"]
[PlyCount "65"]
[EventDate "2024.02.03"]
[EventType "swiss"]
[EventRounds "9"]
[EventCountry "CRI"]
[SourceTitle "CB08_2024"]
[SourceDate "2024.02.21"]
[SourceVersion "1"]
[SourceVersionDate "2024.02.21"]
[SourceQuality "1"]

1. e4 e5 2. Nf3 Nc6 3. Bc4 Bc5 4. d3 h6 5. c3 Nf6 6. 0-0 0-0 7. Bb3 d6 8. h3 Qe8 9. Re1 Be6 10. Bc2 d5 11. exd5 Bxd5 12. Nbd2 Nd8 13. Nxe5 Nd7 14. Ndf3 Nxe5 15. Nxe5 Nc6 16. d4 f6 17. dxc5 fxe5 18. Qxd5+ Qf7 19. Qxf7+ Rxf7 20. Bb3 Raf8 21. Bxf7+ Rxf7 22. b4 Re7 23. Re4 Rd7 24. Be3 Rd3 25. b5 Ne7 26. Rxe5 Ng6 27. Re8+ Kh7 28. Bd4 Nf4 29. Rae1 Rd2 30. R1e7 Rd1+ 31. Kh2 h5 32. Rxg7+ Kh6 33. Rh8# 1-0

[Event "CRI-ch (Women)"]
[Site "San Jose"]
[Date "2024.02.03"]
[Round "1"]
[White "Jimenez Salas, Kristel"]
[Black "Villarreal Chavarria, Amy Samantha"]
[Result "1-0"]
[WhiteElo "1231"]
[BlackElo "1428"]
[PlyCount "73"]
[EventDate "2024.02.03"]
[EventType "swiss"]
[EventRounds "9"]
[EventCountry "CRI"]
[SourceTitle "CB08_2024"]
[SourceDate "2024.02.21"]
[SourceVersion "1"]
[SourceVersionDate "2024.02.21"]
[SourceQuality "1"]

1. d4 d5 2. c4 Nf6 3. Nf3 Nc6 4. Nc3 Bf5 5. Bg5 e6 6. e3 h6 7. Bh4 Be7 8. Be2 Nb4 9. 0-0 0-0 10. a3 Nc6 11. Bxf6 Bxf6 12. cxd5 exd5 13. Qb3 Be6 14. Qxb7 Bc8 15. Qxc6 Bd7 16. Qxd5 Be6 17. Qxd8 Raxd8 18. Bb5 Rc8 19. Bc6 Rb8 20. b4 Rb6 21. b5 a6 22. a4 axb5 23. axb5 Bc4 24. Rfb1 Bd3 25. Rb2 Rd8 26. Ra7 Rc8 27. Bd7 Rcb8 28. Rxc7 Ra8 29. h3 Rd8 30. Rc8 Rb8 31. Rxb8 Rxb8 32. Ne5 Bf5 33. Bxf5 Ra8 34. b6 Rb8 35. Nd5 Rc8 36. b7 Rc1+ 37. Kh2 1-0